Plus grands producteurs de Cannes à sucre du monde - Statistiques

Statistiques générales
  • Ce quiz a été pris 29 fois
  • Le résultat moyen est 10 sur 15
Statistiques - réponses
Hint Réponse % Correct
715 659 212 t Bresil
100%
107 258 724 t Chine
92%
< 25 000 000t Colombie
92%
55 485 308 t Mexique
92%
29 964 310 t Etats unis
83%
405 399 000 t Inde
83%
32 200 000 t Indonesie
83%
66 278 505 t Thailande
75%
31 133 488 t Australie
71%
< 20 000 000t Vietnam
71%
88 650 593 t Pakistan
63%
< 15 000 000t Myanmar/Birmanie
38%
< 20 000 000t Egypte
29%
27 755 312 t Guatemala
21%
< 30 000 000t Phillipines
13%
Aucun quiz correspondant
Distribution des résultats
% des personnes avec chaque résultat
Percentile par nombre de réponses
Votre historique - résultats
Vous n’avez pas pris ce quiz